000 00302nam a22001457a 4500
008 210315b ||||| |||| 00| 0 eng d
020 _a9780321611116
041 _aeng
080 _24th
_a53
082 _a53
100 _a43
101 _aFIZ
245 _aPhysics
_cWalker, J. S
942 _2udc
_cBK
999 _c56617
_d56617